Faculty of Law Library — Cairo University

Official Online Catalog

Constitutional journal : (Record no. 45818)

MARC details
000 -LEADER
fixed length control field 01080cac a2200337 i 4500
003 - CONTROL NUMBER IDENTIFIER
control field EG-GICUC
005 - DATE AND TIME OF LATEST TRANSACTION
control field 20260121101341.0
008 - FIXED-LENGTH DATA ELEMENTS--GENERAL INFORMATION
fixed length control field 871029s1987 ilu frb 000 0 eng d
020 ## - INTERNATIONAL STANDARD BOOK NUMBER
International Standard Book Number 0915463423
020 ## - INTERNATIONAL STANDARD BOOK NUMBER
International Standard Book Number 9780915463428
040 ## - CATALOGING SOURCE
Original cataloging agency DLC
Transcribing agency DLC
Modifying agency DLC
-- EG-GICUC
Language of cataloging eng
Description conventions rda
043 ## - GEOGRAPHIC AREA CODE
Geographic area code n-us---
050 00 - LIBRARY OF CONGRESS CALL NUMBER
Classification number KF4510
Item number .S7 1987
082 00 - DEWEY DECIMAL CLASSIFICATION NUMBER
Classification number 342.09
Edition number 21
092 04 - LOCALLY ASSIGNED DEWEY CALL NUMBER (OCLC)
Edition number 21
099 ## - LOCAL FREE-TEXT CALL NUMBER (OCLC)
Classification number Law 08 1987
100 1# - MAIN ENTRY--PERSONAL NAME
Personal name St. John, Jeffrey.
245 10 - TITLE STATEMENT
Title Constitutional journal :
Remainder of title a correspondent's report from the Convention of 1787 /
Statement of responsibility, etc. Jeffrey St. John.
264 ## - PRODUCTION, PUBLICATION, DISTRIBUTION, MANUFACTURE, AND COPYRIGHT NOTICE
Place of production, publication, distribution, manufacture Ottawa, Ill. :
Name of producer, publisher, distributor, manufacturer Jameson Books,
Date of production, publication, distribution, manufacture, or copyright notice 1987.
300 ## - PHYSICAL DESCRIPTION
Extent xxiv, 294 page ;
Dimensions 22 cm.
336 ## - CONTENT TYPE
Content type term text
Content type code txt
Source rdacontent
337 ## - MEDIA TYPE
Media type term unmediated
Media type code n
Source rdamedia
338 ## - CARRIER TYPE
Carrier type term volume
Carrier type code nc
Source rdacarrier
500 ## - GENERAL NOTE
General note Fiction.
504 ## - BIBLIOGRAPHY, ETC. NOTE
Bibliography, etc. note Includes bibliographical references.
610 10 - SUBJECT ADDED ENTRY--CORPORATE NAME
Corporate name or jurisdiction name as entry element United States.
Subordinate unit Constitutional Convention
Date of meeting or treaty signing (1787)
650 #0 - SUBJECT ADDED ENTRY--TOPICAL TERM
Topical term or geographic name entry element Constitutional history
Geographic subdivision United States.
856 40 - ELECTRONIC LOCATION AND ACCESS
Uniform Resource Identifier <a href="https://fll.law.cu.edu.eg/fulltext/bks/ENGB08-00020.pdf">https://fll.law.cu.edu.eg/fulltext/bks/ENGB08-00020.pdf</a>
905 ## - Cataloger and Reviser Names
Cataloger Name: Hend El khosy
942 ## - ADDED ENTRY ELEMENTS (KOHA)
Source of classification or shelving scheme Dewey Decimal Classification
Koha item type Books
Edition 21
Suppress in OPAC No
Holdings
Withdrawn status Lost status Source of classification or shelving scheme Damaged status Not for loan Collection Home library Current library Date acquired Total checkouts Full call number Barcode Date last seen Copy number Price effective from Koha item type Public note
    Dewey Decimal Classification     القانون الدستوري جــــامعة القــاهرة مكتبة كلية الحقوق - فـرع الشيخ زايد 25.11.2025   Law2 08 342.09 JO . C 1987 0700020 C1 ENGB08-00020 25.11.2025 1 25.11.2025 Books 111
    Dewey Decimal Classification     القانون الدستوري جــــامعة القــاهرة مكتبة كلية الحقوق - فـرع الشيخ زايد 25.11.2025   Law2 08 342.09 JO . C 1987 0700021 C2 ENGB08-00021 25.11.2025 2 25.11.2025 Books 1444

© All rights reserved — Faculty of Law, Cairo University